Pedro de Alvarado / (Record no. 184101)

MARC details
000 -LEADER
campo de control de longitud fija 00761nam a2200229 i 4500
001 - NÚMERO DE CONTROL
campo de control 184101
003 - IDENTIFICADOR DE NÚMERO DE CONTROL
campo de control ES-MaACL
005 - FECHA Y HORA DE LA ÚLTIMA TRANSACCIÓN
campo de control 20230906222044.0
008 - DATOS DE LONGITUD FIJA--INFORMACIÓN GENERAL
campo de control de longitud fija 150316s1943 sp |||| |bspa d
080 ## - NÚMERO DE LA CLASIFICACIÓN DECIMAL UNIVERSAL
Número de la Clasificación Decimal Universal 929 Alvarado, Pedro de
100 1# - ENTRADA PRINCIPAL--NOMBRE DE PERSONA
Nombre de persona Barón Castro, Rodolfo,
Fechas asociadas al nombre 1909-1986
9 (RLIN) 25775
245 10 - MENCIÓN DEL TÍTULO
Título Pedro de Alvarado /
Mención de responsabilidad, etc. Rodolfo Barón Castro.
260 ## - PUBLICACIÓN, DISTRIBUCIÓN, ETC.
Lugar de publicación, distribución, etc. Madrid :
Nombre del editor, distribuidor, etc. Atlas,
Fecha de publicación, distribución, etc. 1943.
300 ## - DESCRIPCIÓN FÍSICA
Extensión 158 p. ;
Dimensiones 20 cm.
490 1# - MENCIÓN DE SERIE
Mención de serie Vidas ;
Designación de volumen o secuencia 9
597 ## - NOTA DE DESCRIPCIÓN FÍSICA
NOTA DE DESCRIPCIÓN FÍSICA Con sello de: Biblioteca D.P. Educación Nacional, Madrid.
598 ## - NOTA LOCAL
Nota local Colección de biografías... bajo la dir. de Joaquín Arrarás.
600 17 - PUNTO DE ACCESO ADICIONAL DE MATERIA--NOMBRE DE PERSONA
Nombre de persona Alvarado, Pedro de.
9 (RLIN) 20595
830 0# - PUNTO DE ACCESO ADICIONAL DE SERIE-TÍTULO UNIFORME
Título uniforme Vidas ;
Designación de volumen o secuencia 9
9 (RLIN) 192031
852 ## - LOCALIZACIÓN
Ubicación ES-MaACL
Número de control de estantería E-15495
Nota libre . - enc. hol.
Holdings
Estatus retirado Estado de pérdida Estado de daño No para préstamo Biblioteca de origen Biblioteca actual Ubicación en estantería Fecha de adquisición Fuente de adquisición Total de préstamos Signatura topográfica completa Código de barras Visto por última vez Precio de reemplazo Tipo de ítem Koha
        Biblioteca del Ateneo de Madrid Biblioteca del Ateneo de Madrid Depósito 2 16/03/2015     E-15495 1193612 23/02/2023 23/02/2023 Libro impreso